Statistics for 12 месеци у 15 секунди

Click here to take the quiz!

General Stats

  • This quiz has been taken 8 932 times
  • The average score is 7 of 12

Answer Stats

Месец% Correct
Јануар
96%
Фебруар
88%
Март
86%
Април
79%
Мај
77%
Јун
77%
Јул
72%
Август
56%
Септембар
34%
Октобар
22%
Новембар
13%
Децембар
9%

Score Distribution

Percentile by Number Answered

Percent of People with Each Score

Your Score History

You have not taken this quiz